000
00275nam a2200109Ia 4500
008
190216s9999||||xx |||||||||||||| ||und||
100
_a
Russell A Stultz
245
0
_a
Autobiography Of Bertrand Russel
260
_b
George Allen & Unwin Ltd
650
_a
English
942
_c
BK
999
_c
12264
_d
12264